La Carolina, capital de las nuevas poblaciones (Record no. 40553)
[ view plain ]
| 000 -LEADER | |
|---|---|
| campo de control de longitud fija | 00774nam a2200193 i 4500 |
| 001 - NÚMERO DE CONTROL | |
| campo de control | 40553 |
| 003 - IDENTIFICADOR DE NÚMERO DE CONTROL | |
| campo de control | ES-MaACL |
| 005 - FECHA Y HORA DE LA ÚLTIMA TRANSACCIÓN | |
| campo de control | 20250804061422.0 |
| 007 - CAMPO FIJO DE DESCRIPCIÓN FÍSICA--INFORMACIÓN GENERAL | |
| campo de control de longitud fija | t| |
| 008 - DATOS DE LONGITUD FIJA--INFORMACIÓN GENERAL | |
| campo de control de longitud fija | 030306s1970 sp ||||1| spa d |
| 100 1# - ENTRADA PRINCIPAL--NOMBRE DE PERSONA | |
| Nombre de persona | Capel Margarito, Manuel. |
| 9 (RLIN) | 34813 |
| 245 13 - MENCIÓN DEL TÍTULO | |
| Título | La Carolina, capital de las nuevas poblaciones |
| Resto del título | : un ensayo de reforma socio-económica de España en el siglo XVIII / |
| Mención de responsabilidad, etc. | Manuel Capel Margarito ; prólogo Vicente Palacio Atard. |
| 260 ## - PUBLICACIÓN, DISTRIBUCIÓN, ETC. | |
| Lugar de publicación, distribución, etc. | [Jaén] : |
| Nombre del editor, distribuidor, etc. | Instituto de Estudios Giennenses, |
| Fecha de publicación, distribución, etc. | 1970. |
| 300 ## - DESCRIPCIÓN FÍSICA | |
| Extensión | XXIV, 367 p., 16 lám. : |
| Otras características físicas | 1 plan., 1 gráf. ; |
| Dimensiones | 24 cm. |
| 700 1# - ENTRADA AGREGADA--NOMBRE PERSONAL | |
| Nombre de persona | Palacio Atard, Vicente, |
| Fechas asociadas al nombre | 1920-2013 |
| 9 (RLIN) | 88374 |
| 710 20 - ENTRADA AGREGADA--NOMBRE DE ENTIDAD CORPORATIVA | |
| Nombre de entidad corporativa o nombre de jurisdicción como elemento de entrada | Instituto de Estudios Giennenses |
| 9 (RLIN) | 4904 |
| 852 ## - LOCALIZACIÓN | |
| Ubicación | ES-MaACL |
| Número de control de estantería | C-41788 |
| Sublocalización o colección | R.74667 |
| Estatus retirado | Estado de pérdida | Estado de daño | No para préstamo | Biblioteca de origen | Biblioteca actual | Ubicación en estantería | Fecha de adquisición | Fuente de adquisición | Total de préstamos | Signatura topográfica completa | Código de barras | Visto por última vez | Precio de reemplazo | Tipo de ítem Koha |
|---|---|---|---|---|---|---|---|---|---|---|---|---|---|---|
| Biblioteca del Ateneo de Madrid | Biblioteca del Ateneo de Madrid | Depósito 2 | 17/01/2008 | C-41788 | 1042695 | 23/02/2023 | 23/02/2023 | Libro impreso |
